Cartoon Owners and Pets Quiz Stats

 Plays Quiz Updated Jan 11, 2018

Challenge
Share
Tweet
Score 0/112 Timer 04:00
4 Plays Today
% Correct
Scooby-Doo
97.2%
Scooby-Doo
97.2%
Scooby-Doo
97.2%
Scooby-Doo
97.2%
Scooby-Doo
97.2%
Scooby-Doo
97.2%
Scooby-Doo
97.2%
Scooby-Doo
97.2%
Pluto
94.8%
Pluto
94.8%
Pluto
94.8%
Pluto
94.8%
Pluto
94.8%
Pluto
94.8%
Pluto
94.8%
Pluto
94.8%
Pluto
94.8%
Pluto
94.8%
Snoopy
92.7%
Snoopy
92.7%
Snoopy
92.7%
Snoopy
92.7%
Snoopy
92.7%
Snoopy
92.7%
Snoopy
92.7%
Garfield
92.4%
Garfield
92.4%
Garfield
92.4%
Garfield
92.4%
Garfield
92.4%
Garfield
92.4%
Stitch
83.9%
Stitch
83.9%
Stitch
83.9%
Stitch
83.9%
Stitch
83.9%
Stitch
83.9%
Stitch
83.9%
% Correct
Stitch
83.9%
Stitch
83.9%
Stitch
83.9%
Stitch
83.9%
Stitch
83.9%
George
79%
George
79%
George
79%
George
79%
George
79%
George
79%
George
79%
George
79%
George
79%
George
79%
George
79%
George
79%
Dino
78.6%
Dino
78.6%
Dino
78.6%
Dino
78.6%
Dino
78.6%
Dino
78.6%
Dino
78.6%
Dino
78.6%
Dino
78.6%
Brian
75.3%
Brian
75.3%
Brian
75.3%
Brian
75.3%
Brian
75.3%
Brian
75.3%
Astro
58.2%
Astro
58.2%
Astro
58.2%
Astro
58.2%
Astro
58.2%
Astro
58.2%
% Correct
Astro
58.2%
Dug
51.9%
Dug
51.9%
Dug
51.9%
Dug
51.9%
Dug
51.9%
Dug
51.9%
Dug
51.9%
Dug
51.9%
Dug
51.9%
Dug
51.9%
Dug
51.9%
Dug
51.9%
Dug
51.9%
Dug
51.9%
Dug
51.9%
Dug
51.9%
Tom
51.8%
Tom
51.8%
Tom
51.8%
Tom
51.8%
Tom
51.8%
Tom
51.8%
Tom
51.8%
Tom
51.8%
Azrael
27.1%
Azrael
27.1%
Azrael
27.1%
Azrael
27.1%
Azrael
27.1%
Azrael
27.1%
Azrael
27.1%
Azrael
27.1%
Azrael
27.1%
Azrael
27.1%
Azrael
27.1%

You're not logged in!

Compare scores with friends on all Sporcle quizzes.
Join for Free
OR
Log In

You Might Also Like...

Show Comments

Extras

Top Quizzes Today


Score Distribution

Your Account Isn't Verified!

In order to create a playlist on Sporcle, you need to verify the email address you used during registration. Go to your Sporcle Settings to finish the process.

Report this User

Report this user for behavior that violates our Community Guidelines.

Details: